A marxista filozófia feladatai az új demokráciában
Elmentve itt :
| Szerző: | |
|---|---|
| Adatforrás: | Philobibl |
| Dokumentumtípus: | Könyv |
| Nyelv: | magyar |
| Kulcsszavak: | filozófia, marxista |
| Megjelent: |
Budapest
Székesfővárosi Irodalmi és Művészeti Intézet
1947
|
| LEADER | 00398nam a2200121 c 4500 | ||
|---|---|---|---|
| 001 | bibDOK00020800 | ||
| 005 | 20221219093843.2 | ||
| 008 | 060518s1947 hu hun | ||
| 100 | 1 | |a Lukács György | |
| 245 | 1 | 2 | |a A marxista filozófia feladatai az új demokráciában |c Lukács György |
| 260 | |a Budapest |b Székesfővárosi Irodalmi és Művészeti Intézet |c 1947 | ||
| 300 | |a 58 p. | ||
| 695 | |a filozófia, marxista | ||